| 000 | 01018nam a2200265Ia 4500 | ||
|---|---|---|---|
| 003 | OSt | ||
| 005 | 20220923211439.0 | ||
| 006 | a|||||r|||| 00| 0 | ||
| 007 | ta | ||
| 008 | 220922b |||||||| |||| 00| 0 hin d | ||
| 020 |
_a9789350008003 (hbk) _c375 |
||
| 024 | _a261,329 | ||
| 037 |
_b413, 28/01/2012, Eastern Book Linkers _cTextual |
||
| 040 |
_aARTS _cARTS _bhin |
||
| 041 |
_2hin _ahin |
||
| 082 | _aO15,3D20,1, 152Q1 | ||
| 100 |
_aशर्मा, विष्णु; वादरायण, संपा. _9160533 |
||
| 245 | 0 | _aसम्पूर्ण पन्चतन्त्र | |
| 246 | _aSampūrṇa panchatantra | ||
| 260 |
_aनई दिल्ली _b वाणी प्रकाशन _c2011 |
||
| 300 |
_a282पृ. _ccm. |
||
| 650 | _aसंस्कृत साहित्य | ||
| 942 |
_hO15,3D20,1, 152Q1 _cTEXL _2CC |
||
| 999 |
_c299641 _d299641 |
||